Pearl Harbor Facts - Statistics

General Stats
  • This quiz has been taken 29 times
  • The average score is 2 of 7
Answer Stats
Hint Answer % Correct
When did Japan declare war on the US? Before or after the attack? 2 hours after the attack
76%
How many American ships were sunk during the attack? 7
64%
What was the first vehicle that the Japanese lost in the attack on Pearl Harbour? Midget Submarine
32%
When was Pearl Harbour? 7th of December, 1941
20%
What did Roosevelt famously name the day of the Pearl Harbour attack in his speech? Day of Infamy
16%
How about the second wave? 171
4%
How many Japanese planes attacked Pearl Harbour in the first wave? 183
4%
No matching quizzes found
Score Distribution
Percent of People with Each Score
Percentile by Number Answered
Your Score History
You have not taken this quiz